| 000 | 00818nac a22002291u 4500 | ||
|---|---|---|---|
| 010 | _a 82023393 | ||
| 020 | _a0070360995 : | ||
| 082 | 0 | 0 |
_a620.0076 _bLAL |
| 090 |
_c7075 _d7075 |
||
| 100 | _aLa Londe, William S. | ||
| 245 | 1 | 0 |
_aProfessional engineers' examination questions and answers / _cWilliam S. La Londe, Jr., William J. Stack-Staikidis. |
| 250 | _a4th ed. | ||
| 260 |
_aNew York : _bMcGraw-Hill,c1984. _cc1984. |
||
| 300 |
_axiii, 539 p. : _bill. ; _c21 cm. |
||
| 500 | _aDistributer: Al-Ahram. | ||
| 504 | _aBibliography: p. 535-539. | ||
| 511 | _aCatalogued By: Mahitab. | ||
| 650 | 0 |
_aEngineering _xExaminations, questions, etc. |
|
| 650 | 0 |
_aEngineers _xLicenses _zUnited States. |
|
| 700 | 2 |
_aStack-Staikidis, William J., _d1929- |
|
| 942 |
_cBB _k620.0076LAL |
||
| 999 |
_c7075 _d7075 |
||